[Event "Begrüßungsturnier Super Nova 9"]
[Site "Turnierstufe"]
[Date "2023.08.02"]
[Round "4"]
[White "Designer 2100 Display"]
[Black "Super Nova"]
[Result "1/2-1/2"]
[WhiteElo "1903"]
[BlackElo "1887"]
[EventDate "????.??.??"]
[PlyCount "144"]

{Welcher Mikrocomputer - außer Novag Super Nova - spielt 45... Te1!! ? Ich
vermute: keiner! Partie Nr. 4 ist kurios und spannend. Zunächst klemmt der
Designer seinen Turm durch eigenwillige Königszüge ein, danach machen beide
nicht immer die besten Züge und der Vorteil wechselt hin und her. Schließlich
spielt die Super Nova den hochspekulativen Zug 45....Te1!!, um zu einem Remis zu
kommen. Wohlgemerkt: der kleine Novag kann das Unentschieden danach unmöglich
errechnen - er spekuliert und er bringt das Remis in den sicheren Hafen. Sehr
gut gemacht. Das bescheinigt ihr auch die Analyse-Engine Hiarcs 15.2, die den
Textzug quasi sofort mit der Bewertung 0.00 anzeigt.} 1.d4 Nf6 2.c4 g6 3.Nc3 
Bg7 4.e4 d6 {Buchende.} 5.f3 O-O 6.Be3 Nc6 7.Nge2 {Buchende.} 7...Bd7 8.Kf2 $5 
{Ein eigenartiger Zug.} 8...e6 9.Kg1 $5 {Noch einer.} 9...Be8 $5 {Und noch
einer.} 10.Ng3 Qe7 11.f4 Nb4 12.e5 Nd7 13.a3 Nc6 14.d5 {Sehr offensiv.} 
14...Nd8 15.Nb5 $2 {Objektiv ein Fehler, den unsere Kleinen aber nicht erkennen
können...} 15...Nb8 {... beide nicht.} ( {Hiarcs sieht einen großen Vorteil für
Schwarz nach diesen Zügen:} 15...dxe5 16.f5 exf5 17.Nxc7 Rc8 18.d6 Qf6 19.c5 
Ne6 20.Nd5 Qd8 21.Ne7+ Kh8 22.b4 f4 23.Bf2 fxg3 24.hxg3 {usw.
Schwindelerregend.} ) 16.Nxa7 exd5 17.Qxd5 {Optisch sieht's gut aus für den
Fidelity, aber Schwarz hat trotz der Beengtheit alles Griff.} 17...Nbc6 18.Nb5 
Nb4 19.Qd1 Nbc6 20.Ne4 Ne6 21.exd6 cxd6 22.Nbxd6 f5 23.Nxe8 Rfxe8 24.Nc3 Nxf4 
25.Bb6 Ra6 26.Bf2 Bxc3 27.bxc3 Rxa3 28.Rxa3 Qxa3 29.Qd2 {Weiß hat zwar das
Läuferpaar mit viel Raum, dafür aber einen Doppelbauern und immer noch den
eigeklemmten Turm - insgesamt ist das Spiel ausgeglichen.} 29...Ne6 30.Qd7 Re7 
31.Qd2 f4 32.h3 Ne5 33.c5 f3 $5 {Befreit den Designer ohne Not.} 34.Qd6 Nc6 
35.Bc4 Kf7 36.Bxe6+ Rxe6 37.Qd7+ Ne7 38.Qxb7 fxg2 39.Kxg2 Qxc3 40.Rd1 Qf6 
41.Rd3 Qg5+ 42.Rg3 Qd2 43.Qb3 Nd5 44.Kh1 Re2 45.Rd3 Re1+ $3 {(+1.00) Der beste
Zug. Erstaunlich, dass Super Nova ihn findet - errechnen kann sie das Remis
nicht. Zweitbester Zug ist 45....Da2, alles andere verliert sofort.} 46.Bg1 
{(+2.51)} 46...Rxg1+ {(+1.00)} 47.Kxg1 {(+2.39)} 47...Qe1+ {(0.00)} 48.Kg2 
{(+2.10)} 48...Qe2+ {(0.00)} 49.Kg3 {(+2.10)} 49...Qe1+ {(0.00)} 50.Kf3 Qh1+ 
51.Kf2 Qh2+ 52.Kf1 {(+0.64) Nun ahnt es auch der Designer.} 52...Qh1+ 53.Ke2 
Qg2+ 54.Kd1 Qg1+ 55.Kc2 Qxc5+ 56.Kb2 Qf2+ 57.Kc1 Qc5+ 58.Kd1 {(0.00) Der
Designer sieht's nun auch.} 58...Qg1+ 59.Ke2 Qg2+ 60.Ke1 Qg1+ 61.Kd2 Qf2+ 
62.Kd1 Qg1+ 63.Kc2 Qc5+ 64.Kb1 Qg1+ 65.Ka2 Qa7+ 66.Kb2 Qf2+ 67.Ka3 Qa7+ 68.Qa4 
Qe7+ 69.Kb3 Qb7+ {Der König findet kein sicheres Plätzchen.} 70.Ka3 Qe7+ 71.Kb3 
Qb7+ 72.Ka3 Qe7+ {Remis 3x.} 1/2-1/2

[Event "Begrüßungsturnier Super Nova 9"]
[Site "Turnierstufe"]
[Date "2023.08.06"]
[Round "5"]
[White "Super Nova"]
[Black "Designer 2100 Display"]
[Result "1/2-1/2"]
[WhiteElo "1890"]
[BlackElo "1900"]
[EventDate "????.??.??"]
[PlyCount "216"]

{In der 5. Partie stellt die Super Nova die Geduld des Bedieners auf eine harte
Probe. Zunächst spielt sie gegen den Designer stark auf, als dieser am
Damenflügel auf Bauernraub geht. Bei der zweiten Zeitkontrolle zum 60. Zug steht
dann ein Endspiel mit zwei nackten Türmen gegen einen auf dem Brett. Der Ein-
oder Andere hätte an dieser Stelle die Partie vielleicht abgebrochen und für
Weiß den Sieg notiert. Beim Weiterspielen zeigt sich jedoch, dass Super Nova
nicht die geringste Ahnung hat, wie diese Konstellation zu gewinnen ist. Statt
einen der beiden Türme abzutauschen und mit dem zweiten locker zu siegen (das
kann Super Nova), zieht sie meist mit dem König auf den schachgebenden schwarzen
Turm zu. In so manchem praktischen Endspiel ist es zum Vorteil, das zu wissen,
aber in dieser Situation völlig kontraproduktiv. So gelingt es dem Fidelity
Designer, sich über die 50-Züge-Regel in ein überaus glückliches Remis zu retten
- kein Ruhmesblatt für das Kittinger - Programm.} 1.e4 c5 2.Nf3 d6 3.d4 cxd4 
4.Nxd4 Nf6 5.Nc3 e6 6.Be2 a6 7.O-O Qc7 8.f4 Nc6 9.Be3 Be7 10.Qe1 O-O 11.Qg3 
{Buchende.} 11...Bd7 {Buchende.} 12.Bf3 e5 13.fxe5 dxe5 14.Bh6 Ne8 15.Nd5 Qd8 
16.Nxc6 bxc6 17.Nxe7+ Qxe7 18.Rad1 Be6 19.b3 Qa3 20.Be3 Qxa2 $5 {Der Bauernraub
kann nicht gut sein.} 21.Bc5 Qxc2 22.Bxf8 Kxf8 23.Qxe5 Qxb3 24.Qc5+ Kg8 {Von
einem Zusammenspiel der schwarzen Figuren ist nichts zu sehen.} 25.e5 $1 {Stark
und schön.} 25...Rb8 26.Bxc6 Bc4 27.Rfe1 Nc7 $2 {Ein taktischer Fehler...} 
28.Qa5 {... Super Nova kann ihn aber nicht nachweisen.} ( {Die richtige Antwort
ist:} 28.Ba4 $1 Qxa4 29.Qxc7 Re8 30.Rd4 h5 31.Qxc4 Qxc4 32.Rxc4 {...} ) 
28...Ne6 29.Rd7 Qb6+ 30.Qxb6 Rxb6 31.Bf3 Rb4 32.Ra7 Kf8 33.Ra1 h6 34.Kf2 Rb2+ 
35.Kg3 Bb5 $2 36.Rc1 $1 {Na klar.} 36...Rd2 37.Rc8+ Nd8 38.Bb7 ( {Stärker ist:} 
38.Bh5 g6 39.e6 gxh5 40.e7+ Ke8 41.exd8=Q+ Rxd8 42.Rxd8+ Kxd8 43.Rxf7 {...} ) 
38...Rd3+ 39.Kf2 Rd7 40.Rca8 Ke8 41.Bxa6 Rd2+ 42.Ke3 Re2+ 43.Kd4 Bxa6 44.Rxa6 
Rxg2 45.Rd6 Rd2+ 46.Kc5 Rc2+ 47.Kb4 Rxh2 {Kapitulation.} 48.Rdxd8+ Ke7 49.Re8+ 
Kd7 50.Rg8 {Geht den etwas längeren Weg zum Sieg.} ( {Schneller ist:} 50.Rad8+ 
Kc7 51.Rd6 Rf2 52.Re7+ Kc8 53.e6 fxe6 54.Rxg7 Re2 55.Rg6 {...} ) 50...Rf2 
51.Rxg7 h5 52.Rg5 h4 53.Rh8 Rf4+ 54.Kc5 Rf2 55.Rxh4 f6 56.Rh7+ Ke6 57.Rh6 Kf7 
58.exf6 Rxf6 59.Rh7+ {Mit diesem Zug beginnt ein Trauerspiel.} ( {Ganz einfach} 
59.Rxf6+ $1 ) 59...Ke6 60.Rd5 Rg6 {Rest in je 1 Stunde und es wird noch eine
zähe Angelegenheit.} 61.Rc7 Rg3 62.Rc6+ Ke7 63.Rb6 Rc3+ 64.Kd4 Rh3 65.Kc4 Ra3 
66.Rdd6 Ra5 67.Rd3 Ra4+ 68.Kd5 Ra5+ 69.Ke4 Rh5 70.Rdd6 Rh4+ 71.Kf5 Rh5+ 72.Kg6 
Rh3 73.Rd2 Rh1 74.Rd4 Rh3 75.Rbd6 Rc3 76.Ra6 Rg3+ 77.Kf5 Rf3+ 78.Ke4 Rh3 
79.Rdd6 Rh4+ 80.Kf5 Rh5+ 81.Kg6 Rh3 82.Rd2 Rg3+ 83.Kf5 Rf3+ 84.Kg5 Re3 85.Rdd6 
Re5+ 86.Kg6 Re3 87.Kf5 Rc3 88.Ke4 Rc1 89.Kf4 Rf1+ 90.Ke5 Re1+ 91.Kf5 Rf1+ 
92.Kg4 Rg1+ 93.Kf3 Rf1+ 94.Ke2 Rc1 95.Kd2 {Meine Güte.} ( {Einfach:} 95.Rdc6 $1 
) 95...Rc5 96.Kd3 Rc1 97.Ke3 Re1+ 98.Kd4 Rd1+ 99.Kc5 Rc1+ 100.Kb4 Re1 101.Rh6 
Kf7 102.Ra7+ Kg8 103.Kc5 Rg1 104.Rhh7 Rd1 105.Rhb7 Rc1+ 106.Kd6 Rd1+ 107.Ke6 
Re1+ 108.Kf6 Rf1+ {und Remis nach der 50-Züge-Regel.} 1/2-1/2

[Event "Begrüßungsturnier Super Nova 9"]
[Site "Turnierstufe"]
[Date "2023.08.08"]
[Round "6"]
[White "Designer 2100 Display"]
[Black "Super Nova"]
[Result "1/2-1/2"]
[WhiteElo "1900"]
[BlackElo "1890"]
[EventDate "????.??.??"]
[PlyCount "121"]

{In Partie Nr. 6 begeht der Fidelity, wie im Spiel zuvor, einen taktischen
Fehler, der Material kostet und die Super Nova ist erneut auf der Siegerstraße.
Aber im folgenden Turmendspiel kann sie ihren Vorteil nicht verwerten und die
Auseinandersetzung endet wiederum mit einem Unentschieden. Insgesamt wirkt es
so, als könne der Fidelity besser mit Turmendspielen umgehen als der Novag.} 
1.e4 e5 2.Nf3 d6 {Buchende.} 3.Bc4 {Buchende.} 3...Nf6 4.Nc3 Bg4 5.O-O Nc6 6.h3 
Bh5 7.Bb5 Be7 8.d4 exd4 9.Qxd4 O-O 10.Qe3 Ne5 11.Be2 Re8 12.Qf4 Bf8 13.Be3 Ng6 
14.Qf5 Bxf3 15.Qxf3 d5 16.exd5 Ne5 17.Qf5 Nxd5 18.Nxd5 Qxd5 19.a4 {Bis hierher
folgen die Zwei der Partie Kishon Chesster - Super Nova. Der Chesster spielte
hier 19. c4 (Post #14), sein naher Verwandter bevorzugt das gleichwertige 19.
a4.} 19...Bd6 20.Rfd1 Qe6 21.Qxe6 Rxe6 22.a5 a6 23.c3 Rae8 24.b3 h6 25.b4 R6e7 
26.Rab1 Nc6 27.Bf3 Rd8 28.Bxc6 bxc6 29.c4 Ra8 30.c5 Be5 31.f4 Bf6 32.Bd4 Bh4 
33.Rd3 $2 {Übersieht die Schwäche des Feldes e1 in Verbindung mit der wackeligen
Stellung des weißen Läufers.} 33...Rd8 34.Rb2 {um den Bauern b4 weiter zu
stützen, aber jetzt kommt:} 34...Red7 35.g3 Rxd4 36.Rxd4 Rxd4 37.gxh4 Rxf4 
{Turmendspiel - viel Raum für Fehler.} 38.h5 f6 ( {Besser:} 38...Rh4 ) 39.Re2 
Rxb4 $6 ( {Stärker ist} 39...Kf7 ) 40.Re6 Rb5 41.Rxc6 Kh7 $2 {Warum schlägt sie
nicht den Bauern?} 42.Rxc7 Rxa5 43.Kg2 Rb5 44.Kf3 a5 45.Kg4 a4 46.c6 Rg5+ 
47.Kh4 a3 48.Ra7 Rc5 49.c7 a2 50.Rxa2 Rxc7 51.Ra5 g5+ 52.hxg6+ Kxg6 53.Ra4 Rc1 
54.Rg4+ Kf5 55.Kh5 Rc3 56.h4 Rc8 57.Rg6 Rc2 58.Kxh6 Rc8 59.h5 {(0.00)} 
59...Rh8+ 60.Kg7 Rxh5 61.Rxf6+ {und Remis.} 1/2-1/2

[Event "Begrüßungsturnier Super Nova 9"]
[Site "Turnierstufe"]
[Date "2023.08.09"]
[Round "7"]
[White "Super Nova"]
[Black "Designer 2100 Display"]
[Result "1-0"]
[WhiteElo "1890"]
[BlackElo "1900"]
[EventDate "????.??.??"]
[PlyCount "125"]

{In Partie Nr. 7 zeigt sich die Super Nova erneut dem Designer spielerisch
überlegen. Die beiden folgen der Partie des Kittinger-Programms gegen den Kishon
Chesster (Post # 19) bis zum 15. Zug. Kurzzeitig wechseln sich anschließend 
leichte Vorteile für Weiß und Schwarz ab, bevor der Novag eine immer stärkere
Stellung aufbauen kann, die schließlich in den Gewinn eines schwarzen Springers
mündet. Dieses Mal, im Gegensatz zu den zwei vorherigen Spielen, lässt sich die
Super Nova den Sieg aber nicht mehr aus der Hand nehmen und gewinnt locker. Mit
diesem Triumpf knackt der kleine 6301(3)Y-Novag erstmals die 1900er-Grenze in
meiner internen Turnierliste. Ich habe vermutet, dass die Super Nova etwas
unterbewertet ist, aber dass sie so stark aufspielt, kommt für mich dann doch
etwas überraschend.} 1.e4 e5 2.Nf3 Nc6 3.Bb5 a6 4.Ba4 Nf6 5.O-O Be7 6.Re1 b5 
7.Bb3 O-O 8.c3 d6 9.h3 Na5 10.Bc2 c5 11.d4 {Buchende.} 11...Qc7 12.Nbd2 cxd4 
13.cxd4 Bb7 {Buchende.} 14.Re3 {Ungewöhnlich, aber wohl nicht schlecht, der Turm
will nach c3. Üblicherweise wird hier 14.d5 oder 14.Sf1 gespielt.} 14...Nc4 $6 
{Fragwürdig, einfach:} ( 14...exd4 ) 15.Nxc4 {Kishon Chesster spielt an dieser
Stelle 15...exd4 (siehe Post #19)} 15...bxc4 16.d5 Rac8 17.Rc3 Qc5 18.Nd2 Qd4 
19.Qe2 a5 20.Rxc4 $2 {Falsch, vergibt den Vorteil. Super Nova muss mit dem
Springer schlagen. Jetzt kommt natürlich:} 20...Ba6 21.Rxd4 Bxe2 22.Bd3 exd4 
23.Bxe2 Bd8 $6 {Will die beiden Einzelbauern schützen, kappt aber die Verbindung
der beiden Türme.} 24.f3 Bb6 25.Bd3 Rfd8 26.Nc4 Bc7 27.Bg5 Rb8 28.Bh4 Bb6 29.b3 
Rd7 30.Bf2 Bc5 31.Nxa5 Ra7 32.Nc6 {Super Nova hat ihre Stellung planvoll
ausgebaut und steht auf Gewinn.} 32...Rxb3 33.Bc4 ( {Noch stärker, aber nicht
erkennbar für Super Nova sind die Varianten nach:} 33.Nxa7 $1 Rxd3 34.Nc6 Ne8 
35.a4 {... und der Bauer gewinnt.} ) 33...Rc3 34.Nxa7 Rxc4 35.Nc6 d3 36.Bxc5 
dxc5 37.Rb1 g5 38.Ne5 Rd4 39.Rd1 d2 40.Kf2 Ne8 41.Nc6 Ra4 42.Rxd2 c4 43.d6 Nxd6 
44.Rxd6 Rxa2+ 45.Kf1 c3 {Designers letzte (vergebliche) Hoffnung.} 46.Nb4 ( 
{Stärker:} 46.Rd1 Kf8 ( 46...c2 47.Rc1 Kf8 48.Nd4 {...} ) 47.Rc1 Ra3 48.Rc2 h5 
49.Ke2 f6 50.Kd3 {usw.} ) 46...Rb2 47.Nd3 Rd2 48.Rd5 Rd1+ 49.Ke2 Rd2+ 50.Ke3 
Rxg2 51.Rc5 h5 52.Rxc3 f6 53.Rc7 Rg3 54.Nb4 Rxh3 55.Nd5 g4 56.Nxf6+ Kf8 57.Kf4 
gxf3 58.Ke5 $1 Rh4 59.Ke6 {Mattankündigung.} 59...Rxe4+ 60.Nxe4 h4 61.Rf7+ Kg8 
62.Nf6+ Kh8 63.Rh7# 1-0

[Event "Begrüßungsturnier Super Nova 9"]
[Site "Turnierstufe"]
[Date "2023.08.11"]
[Round "8"]
[White "Designer 2100 Display"]
[Black "Super Nova"]
[Result "1/2-1/2"]
[WhiteElo "1890"]
[BlackElo "1900"]
[EventDate "????.??.??"]
[PlyCount "115"]

{Standardmäßig spielt der Designer 2100 stets mit seiner Turnierbibliothek ein
wenig eintönig und recht tief die Varianten, die ihm liegen, während die Super
Nova wahllos alles raushaut, was sie an Eröffnungen einprogrammiert hat. In
Partie Nr. 8 ist es Albins Gegengambit, mit dem das Kittinger-Programm so gar
nichts anzufangen weiß. Der Novag muss vom Start weg mit einem Minusbauern und
schlechterer Stellung ums Überleben kämpfen. Wenn der Designer keinen Bock
schießt, ist die Partie für ihn gelaufen. Jedoch: er macht einen nicht leicht zu
erkennenden Fehler, indem er die Fesselung seines Läufers gegen den König auf
der Grundreihe unterschätzt. Die Super Nova kommt unverhofft auf die
Siegerstraße, schafft dann aber am Ende nur ein Remis.} 1.d4 d5 2.c4 e5 3.dxe5 
d4 4.Nf3 Nc6 5.g3 Be6 6.Nbd2 {Buchende.} 6...f6 $6 ( {Theorie ist:} 6...Qd7 
7.Bg2 O-O-O 8.O-O {...} ) 7.exf6 Nxf6 {Nach Buchende steht Schwarz nicht gerade
gut da..} 8.Qb3 Bb4 9.a3 Bxd2+ 10.Bxd2 Qd7 11.Bg2 O-O 12.Ng5 Nd8 13.O-O Bf5 
14.c5+ Kh8 15.e4 dxe3 16.Bxe3 Qd3 17.Qxd3 Bxd3 18.Rfd1 {Für Weiß spielt sich die
Partie wie von selbst, dank der miesen Eröffnungswahl des Novag.} 18...Bc2 
19.Rd2 Bb3 20.Bf4 h6 21.Nh3 Rf7 22.Re1 Nc6 23.Re3 Ba2 24.b3 Bb1 25.b4 Rd8 
26.Rxd8+ Nxd8 {Super Nova kann nur reagieren und auf Fehler des Gegners warten.} 
27.g4 Nc6 28.g5 hxg5 29.Nxg5 Rd7 30.Ne6 $2 {Da ist der Fehler, der Schwarz
entlastet. Weiß sieht keine Gefahr und schielt auf den Bauern c7.} ( 30.Bh3 $1 
Rd1+ 31.Kg2 {...} ) 30...Rd1+ 31.Bf1 Nd5 32.Rh3+ Kg8 {Hiarcs zeigt hier
Gewinnvarianten für Schwarz mit Bewertungen von mehr als 4 Bauerneinheiten an.
Das können die zwei Akteure hier am Brett natürlich nicht erkennen.} 33.Rg3 Kf7 
34.Ng5+ Ke8 35.Ne6 Kd7 {Beide wissen nun aber, dass 30. Se6 falsch war.} 36.b5 
Kxe6 37.bxc6 bxc6 38.Bg5 Ke5 39.Kg2 Kd4 40.Be3+ Nxe3+ 41.fxe3+ Kxc5 42.Rxg7 Bd3 
43.Bxd3 Rxd3 {Remis- wenn keiner einen Fehltritt macht.} 44.Kf3 Rxa3 45.Rxc7 a5 
46.h4 Kb6 47.Rc8 Ra1 48.e4 a4 49.e5 a3 50.Ra8 a2 51.Kg2 c5 52.h5 Re1 53.Rxa2 
Rxe5 54.h6 Rh5 55.Rb2+ Kc7 56.Rc2 Kd7 57.Kg3 Rxh6 58.Rxc5 {und Remis.} 1/2-1/2

[Event "Begrüßungsturnier Super Nova 9"]
[Site "Turnierstufe"]
[Date "2023.08.14"]
[Round "9"]
[White "Super Nova"]
[Black "Designer 2100 Display"]
[Result "1-0"]
[WhiteElo "1900"]
[BlackElo "1890"]
[EventDate "????.??.??"]
[PlyCount "119"]

{Nach einem unbedachten Damenausflug noch in der Eröffnungsphase kann sich die
Super Nova glücklich schätzen, dafür nicht vom Gegner bestraft worden zu sein.
Anschließend geht die Partie in ein Mittelspiel-Geplänkel über, das der Designer
im 19. Zug jäh durch einen - man muss inzwischen sagen: einen seiner nicht ganz
so seltenen - taktischen Fehler unterbricht. Der Novag lässt sich nicht zweimal
bitten, bedankt sich für den Blackout und gewinnt das abschließende Turmendspiel
souverän.} 1.c4 c5 2.Nf3 Nf6 3.d4 cxd4 4.Nxd4 e6 5.Nc3 Nc6 6.Ndb5 {Buchende.} 
6...Bc5 {Buchende.} 7.e4 $6 ( {Besser:} 7.Bf4 ) 7...d6 8.Be2 a6 9.Qa4 $2 {Zu
kurzsichtig.} 9...Bd7 10.Na3 Nd4 ( 10...b5 $1 11.Qd1 b4 12.Nab1 bxc3 13.Nxc3 
{...} ) 11.Qd1 O-O 12.O-O Qa5 {Glück für Super Nova, der Damenausflug ist
glimplich abgelaufen.} 13.Nc2 Nxe2+ 14.Qxe2 Qb6 15.b4 Bd4 16.Bb2 $6 {Besser:
Erst den Läufer schlagen und dann mit dem eigenen Läufer nach b2 gehen.} 
16...Be5 17.Kh1 Bf4 18.Rad1 e5 19.f3 a5 20.Nb5 Bxb5 21.cxb5 axb4 22.Nxb4 Rfc8 
23.a3 Be3 24.Qd3 Bc5 25.f4 Ng4 $2 {Ein schwerer Fehler. Was hat Designer sich da
ausgerechnet?} 26.Nd5 Qd8 27.Qg3 Qd7 28.h3 {Der Fidelity kann einpacken.} 
28...Qxb5 29.Ne7+ ( {Oder einfach:} 29.Qxg4 Kh8 30.Rb1 Qe8 31.fxe5 dxe5 32.Qf5 
Bd6 33.Nf6 gxf6 34.Qxf6+ Kg8 35.Qxd6 {...} ) 29...Kf8 30.Nxc8 Ne3 31.Bxe5 $1 
Nxd1 32.Qxg7+ Ke8 {Jetzt führen für Weiß quasi alle Wege nach Rom.} 33.Rxd1 
{oder:} ( 33.Nxd6+ Bxd6 34.Qg8+ Bf8 35.Rxd1 Qa4 36.Rc1 Qxe4 37.Bd6 Kd7 38.Bxf8 
Qxf4 39.Rd1+ {...} ) ( 33.Qg8+ Kd7 34.Rxd1 Rxc8 35.Qxf7+ Kc6 36.Bxd6 Bxd6 37.e5 
Rd8 38.Qf6 Rd7 39.Rxd6+ Kc7 40.Rxd7+ Qxd7 {...} ) 33...Rxc8 34.Qg8+ Kd7 
35.Qxf7+ Kc6 36.Qd5+ Kb6 37.a4 Qc6 38.Bxd6 Bxd6 39.Qxd6 Qxd6 40.Rxd6+ {Das
müsste auch ein Turmendspiel-Schwächling gewinnen.} 40...Ka5 41.Rd7 Rc4 42.Rxh7 
Rxe4 43.Rxb7 Rxf4 44.g4 $1 {Lange rechnet der Novag am weniger guten 44. Ta7.} 
44...Ka6 45.Rb3 $1 Rxa4 46.g5 $1 Ra5 47.Rg3 Ra1+ 48.Kh2 Kb5 49.g6 Ra8 50.g7 Rg8 
51.h4 Kc4 52.h5 Kd5 53.h6 Kd6 54.h7 Rxg7 55.Rxg7 Kd5 56.Rg4 Kc6 57.h8=Q 
{Mattankündigung.} 57...Kb6 58.Qc3 Ka6 59.Rb4 Ka7 60.Qa1# 1-0

[Event "Begrüßungsturnier Super Nova 9"]
[Site "Turnierstufe"]
[Date "2023.08.14"]
[Round "10"]
[White "Designer 2100 Display"]
[Black "Super Nova"]
[Result "0-1"]
[WhiteElo "1880"]
[BlackElo "1910"]
[EventDate "????.??.??"]
[PlyCount "76"]

{Partie Nr. 10 ist eine, wie ich finde, Klassepartie der Super Nova. Sie
bestraft mehrere Ungenauigkeiten bzw. kleinere Fehler ihres Kontrahenten
gnadenlos. Damit gewinnt das Kittinger-Programm dieses 10-Partien-Duell für mich
unerwartet mit 6,5:3,5 Punkten und hat sich sehr gute und ebenso unerwartete
1919 Punkte in meiner Rangliste erspielt - kaum zu glauben. Die zuletzt auf den
Markt gekommenen starken Fidelity-8-Bitter, die in etwa um die 1900er Grenze
einsortiert sind, scheinen dabei offensichtlich die Lieblingsgegner dieses
kleinen Novag-Rechners zu sein - im Gegensatz zu den H8-Morsch-Programmen.} 
1.d4 Nf6 2.c4 e6 3.Nc3 Bb4 4.e3 O-O 5.Nf3 d5 6.Bd3 c5 7.O-O dxc4 8.Bxc4 Nbd7 
9.Qe2 b6 10.Rd1 cxd4 11.exd4 Bb7 {Buchende.} 12.d5 {Buchende.} 12...exd5 
13.Nxd5 Re8 14.Nxf6+ Qxf6 15.Be3 Bd6 16.Ng5 Ne5 17.Bb5 Red8 18.Qc2 Ng6 19.Bc4 
Rd7 20.f4 $2 {An dieser Stelle spielte Kishon Chesster fehlerhaft 20. Sxf7 und
verlor gegen Super Nova. Der Zug vom Designer ist ebenfalls nicht gut.} ( 
{Stärker ist etwa:} 20.Rd2 {mit Turmverdoppelung.} ) 20...Rad8 21.Rf1 $2 ( 
21.g3 {hätte den Laden noch zusammengehalten.} ) 21...h6 $1 22.Nh3 $2 {Der
Fidelity spielt sich weiter ins Abseits.} 22...Bc5 $3 {Sehr schön. Weiß ist in
allen Varianten verloren!} 23.Bf2 Rd2 24.Qa4 Nh4 $1 25.Rfe1 Bxg2 26.Re8+ Kh7 
27.Rxd8 Bxh3 28.Bd3+ g6 29.Rf1 Nf3+ 30.Kh1 Bxf1 31.Bxf1 Rxf2 32.Bg2 Qh4 33.Rh8+ 
Kg7 {Mattankündigung.} 34.Rg8+ Kxg8 35.Qe8+ Bf8 36.Qxf8+ Kxf8 37.h3 Qxf4 38.b3 
Qh2# 0-1